Music Quiz

Random Music or Lyrics Quiz

Songs by a Random Lyric Quiz Stats

 Plays Quiz not verified by Sporcle

Score 0/20 Timer 10:00
0 Plays Today
Lyrics Song % Correct
A mulatto, an albino, a mosquito, my libido.Smells Like Teen Spirit
58.8%
But I never saw the good side of the city 'til I hitched a ride on a river boat queen.Proud Mary
44.9%
Every whisper of every waking hour I'm choosing my confessions.Losing My Religion
43.7%
Okay, just a little pinprick. There'll be no more.Comfortably Numb
42.4%
See, don't ever set me free, I always wanna be by your side.You Really Got Me
27.8%
Wendy let me in I wanna be your friend, I want to guard your dreams and visions.Born to Run
26.5%
Outside in the distance, a wildcat did growlAll Along the Watchtower
25.7%
In the government yard in Trenchtown, and then Georgie would make the fire light.No Woman, No Cry
23.3%
Now the only thing a gambler needs is a suitcase and trunk.House of the Rising Sun
23.3%
Yes then an old guitar is all he can afford, when he gets up under the lights to play his thing.Sultans of Swing
22.9%
Lyrics Song % Correct
I'm with you my love, the light's shining through on you. Yes, I'm with you my love, it's the morning and just we two.Sunshine of Your Love
19.6%
When the men on the chessboard get up and tell you where to go.White Rabbit
19.6%
You act like you never had love, and you want me to go without.One
19.2%
How quick the sun can drop away, and now my bitter hands cradle broken glass.Black
16.3%
All my friends are skeletons, they beat the rhythm with their bones.Spoonman
15.9%
She is like a cat in the dark and then she is the darkness.Rhiannon
14.3%
Crawl with me into tomorrow or i'll drag you to your grave.Sleep Now in the Fire
8.2%
Talk and song from tongues of lilting grace whose sounds caress my ear.Kashmir
8.2%
With my feet upon the ground I lose myself between the sounds and open wide to suck it in, I feel it move across my skin.Lateralus
4.5%
Men come screaming dressed in white coats, shake you very gently by the throat.(I don't want to go to) Chelsea
2%

You're not logged in!

Compare scores with friends on all Sporcle quizzes.
OR
Log In

Show Comments

Extras

Top Quizzes Today


Score Distribution

Your Account Isn't Verified!

In order to create a playlist on Sporcle, you need to verify the email address you used during registration. Go to your Sporcle Settings to finish the process.

Report this User

Report this user for behavior that violates our Community Guidelines.

Details: